Stolice świata - Ameryka Południowa - Statystyki

Ogólne statystyki
  • Ten quiz został rozwiązany 2 razy
  • Średni wynik to 3 z 16
Statystyki odpowiedzi
Obrazkowy Odpowiedź % Poprawnych
Lima
100%
Bogota
50%
Brasília
50%
Sucre
50%
Asunción
0%
Buenos Aires
0%
Caracas
0%
Georgetown
0%
Kajenna
0%
King Edward Point
0%
La Paz
0%
Montevideo
0%
Paramaribo
0%
Quito
0%
Santiago
0%
Stanley
0%
Nie znaleziono quizów pasujących do podanych kryteriów
Rozkład punktacji
Procent ludzi z każdym wynikiem
Percentyl według liczby udzielonych odpowiedzi
Twoja historia wyników
Nie rozwiązałeś tego quizu